Polska Rzeki Jeziora mapa cz1 - list - Statystyki

Ogólne statystyki
  • Ten quiz został rozwiązany 873 razy
    830 od ostatniego zresetowania
  • Średni wynik to 20 z 47
Odpowiedzi na mapie
Odpowiedzi zakodowano w zielono-czerwonej skali na mapie do tego quizu, zgodnie z poniższymi procentami.
 
Statystyki odpowiedzi
Odpowiedź % Poprawnych
Wisła
90%
Odra
70%
Warta
67%
Bug
66%
San
65%
Nysa Łużycka
64%
Wieprz
62%
Noteć
60%
Narew
58%
Nysa Kłodzka
57%
Pilica
57%
J. Śniardwy
53%
J. Mamry
52%
Bóbr
50%
Dunajec
50%
Łeba
50%
Biebrza
47%
J. Solińskie
44%
Brda
43%
J. Łebsko
42%
Nida
42%
J. Dąbie
41%
Barycz
40%
Drawa
39%
Drwęca
39%
J. Wigry
38%
Kanał Bydgoski
37%
J. Włocławskie
36%
J. Jeziorak
35%
Soła
35%
J. Gopło
34%
J. Hańcza
34%
J. Zegrzyńskie
34%
J. Gardno
33%
J. Jamno
33%
J. Goczałkowickie
32%
J. Drawsko
31%
Kanał Wieprz-Krzna
31%
Nogat
31%
Kanał Gliwicki + Kłodnica
30%
Przemsza
29%
J. Jeziorsko
28%
Kanał Augustowski
27%
J. Miedwie
26%
J. Sulejowskie
24%
J. Żywieckie
24%
J. Siemianowskie
21%
Nie znaleziono quizów pasujących do podanych kryteriów
Rozkład punktacji
Procent ludzi z każdym wynikiem
Percentyl według liczby udzielonych odpowiedzi
Twoja historia wyników
Nie rozwiązałeś tego quizu od ostatniego zresetowania